000 00784nam a2200181Ia 4500
003 GCL
008 140319s9999 xx 000 0 ara d
040 _aGCL /
_cGCL
082 0 4 _a243
_bق ت
100 1 _aالقرطبى : شمس الدين ابوعبدالله محمد بن احمد بن ابى بكر بن فرح الخزرجى الاندلسى
245 1 0 _aالتذكرة فى احوال الموتى وامور الاخرة /
_cالقرطبى : شمس الدين ابوعبدالله محمد بن احمد بن ابى بكر بن فرح الخزرجى الاندلسى
260 _aالقاهرة :
_bمكتبة الدعوة ،
_c1900
300 _a808 ص ؛
_c24 سم
490 _a
650 0 4 _aالموت
650 0 4 _aالفقه الاسلامى
942 _2ddc
_cBK
999 _c27580
_d27580